[Event "POL-chT3"]
[Site "Jastrzebia Gora POL"]
[Date "2015.??.??"]
[Round "1.80"]
[White "Kowalec, Maciej"]
[Black "Kujawski, Adam"]
[Result "0-1"]
[WhiteElo "2005"]
[BlackElo "2277"]
[EventDate "2015.??.??"]
[WhiteTitle "k"]
[BlackTitle "k"]

1.d4 Nf6 2.Nf3 c5 3.e3 d5 4.c4 cxd4 5.Nxd4 e5 6.Nc2 Nc6 7.cxd5 Qxd5 8.Qxd5
Nxd5 9.Bc4 Be6 10.Bxd5 Bxd5 11.O-O Be4 12.Nca3 O-O-O 13.Nc3 Bd3 14.Rd1 a6 
15.Re1 b5 16.Nab1 Nb4 17.Na3 Nc6 18.Nab1 Nb4 19.Na3 Kb7 20.b3 f6 21.Rd1 
Be7 22.Bb2 Bg6 23.Bc1 Rxd1+ 24.Nxd1 Rd8 25.Nb2 Nd3 26.Nxd3 Rxd3 27.Bb2 Rd2
28.Bc3 Rd3 29.Bb2 Rd2 30.Bc3 Re2 31.b4 a5 32.Nxb5 axb4 33.Be1 Bd3 34.a4 b3
35.Nc3 b2 36.Rd1 Rxe1+ 37.Rxe1 Bb4 38.Rb1 Bxc3 0-1

[Event "POL-chT3"]
[Site "Jastrzebia Gora POL"]
[Date "2015.??.??"]
[Round "1.81"]
[White "Mazalon, Mariusz"]
[Black "Parol, Pawel"]
[Result "1/2-1/2"]
[WhiteElo "2040"]
[BlackElo "2039"]
[EventDate "2015.??.??"]
[WhiteTitle "k"]
[BlackTitle "I++"]

1.d4 e6 2.c4 Nf6 3.Nc3 d5 4.Nf3 Be7 5.Bf4 O-O 6.e3 c6 7.c5 b6 8.b4 a5 9.a3
Ba6 10.Bxa6 Nxa6 11.Qb1 b5 12.O-O a4 13.h3 Nh5 14.Bh2 f5 15.Ne5 Qe8 16.g4 
fxg4 17.hxg4 Nf6 18.f4 h5 19.g5 Ng4 20.Nxg4 hxg4 21.Ra2 Qh5 22.Rg2 Kf7 23.
Qd1 Rh8 24.Qxg4 Qxg4 25.Rxg4 Rh3 26.Rg3 Rah8 27.Rxh3 Rxh3 28.Nd1 Rh8 29.
Nf2 Nb8 30.Nd3 Nd7 31.Kg2 Kg6 32.Bg3 Kf5 33.Kf3 Bd8 34.Ne1 Nf8 35.Ng2 Ng6 
36.Re1 Rh3 37.e4+ dxe4+ 38.Kf2 Ne7 39.Ne3+ Kg6 40.Kg2 Rh8 41.Ng4 Kf5 42.
Nf2 Bc7 43.Rxe4 Nd5 44.Kf3 Rh5 45.Re1 Nxf4 46.Ne4 Rh3 47.Nd6+ Bxd6 48.cxd6
Nd5 49.Re5+ Kg6 50.Kg4 Rh8 51.Rxe6+ Kf7 52.Re1 Rd8 53.Rc1 Ne3+ 54.Kf3 Nc4 
55.Rc3 Ke6 56.Kg4 Rh8 57.Rc1 g6 58.Re1+ Kd5 59.d7 Rd8 60.Re7 Nb6 61.Re5+ 
Kc4 62.Rc5+ Kb3 63.Rxc6 Nxd7 64.Rxg6 Kxa3 65.Rg7 Nf8 66.Be5 Ne6 67.Rb7 
Nxd4 68.g6 Kxb4 69.g7 Ne6 70.Kf5 Nxg7+ 71.Rxg7 a3 72.Ke4 a2 73.Rg2 Ka3 74.
Rg3+ Ka4 75.Rg2 Ka3 76.Rg3+ Kb4 77.Rg2 Ra8 78.Ba1 Kb3 79.Rb2+ Kc4 80.Rc2+ 
Kb4 81.Kd3 Ra3+ 82.Kd2 Ka4 83.Kc1 b4 84.Kb2 Rh3 85.Rg2 b3 86.Rg4+ Kb5 87.
Rg2 Rh1 88.Kxb3 Rxa1 89.Rxa2 Rxa2 90.Kxa2 1/2-1/2

[Event "POL-chT3"]
[Site "Jastrzebia Gora POL"]
[Date "2015.??.??"]
[Round "1.82"]
[White "Jozwik, Jacek"]
[Black "Wisniewski, Szymon"]
[Result "1/2-1/2"]
[WhiteElo "2012"]
[BlackElo "1847"]
[EventDate "2015.??.??"]
[WhiteTitle "I"]
[BlackTitle "I+"]

1.d4 Nf6 2.Nf3 g6 3.c4 Bg7 4.Nc3 O-O 5.Bf4 d6 6.e3 Nbd7 7.Be2 c6 8.O-O Qe8
9.h3 e5 10.Bh2 Qe7 11.b4 Ne8 12.Qb3 Kh8 13.b5 f5 14.bxc6 bxc6 15.Rab1 Rb8 
16.Qa3 Rxb1 17.Rxb1 g5 18.dxe5 g4 19.exd6 Qf6 20.Nd4 gxh3 21.gxh3 f4 22.
Bxf4 c5 23.Nc6 Qxc3 24.Qxc3 Bxc3 25.Nxa7 Ba6 26.Bg4 Rg8 27.Kh2 Nef6 28.Nb5
Nxg4+ 29.hxg4 Be5 30.Kg3 Bxf4+ 31.Kxf4 Rf8+ 32.Kg3 Ne5 33.f4 Nxc4 34.Nc7 
Bc8 35.e4 Nxd6 36.Re1 Rf7 37.e5 Rxc7 38.exd6 Rg7 39.g5 Bd7 40.Rc1 Rg6 41.
Rxc5 Rxd6 42.f5 Rd2 43.Ra5 Bxf5 44.Rxf5 Rxa2 1/2-1/2

[Event "POL-chT3"]
[Site "Jastrzebia Gora POL"]
[Date "2015.??.??"]
[Round "1.83"]
[White "Skowronski, Piotr"]
[Black "Suliborski, Artur"]
[Result "1-0"]
[WhiteElo "2043"]
[BlackElo "1884"]
[EventDate "2015.??.??"]
[WhiteTitle "I+"]
[BlackTitle "I"]

1.c4 e5 2.Nc3 Nc6 3.g3 d6 4.Bg2 Be6 5.d3 Qd7 6.e3 h5 7.Nge2 Nge7 8.Nd5 h4 
9.Bd2 Bg4 10.h3 Bf5 11.e4 Bg6 12.g4 Nxd5 13.cxd5 Ne7 14.f4 f6 15.Be3 c6 
16.dxc6 bxc6 17.O-O Rb8 18.b3 d5 19.fxe5 fxe5 20.Qc2 d4 21.Bg5 Nc8 22.Kh1 
Rb5 23.Ng1 Be7 24.Bxe7 Kxe7 25.Nf3 Kd6 26.Rac1 c5 27.Nd2 Qc7 28.Nc4+ Kd7 
29.Bf3 Re8 30.g5 Nd6 31.Bg4+ Kc6 32.Nxd6 Qxd6 33.Qc4 a6 34.b4 Reb8 35.bxc5
Rxc5 36.Qxa6+ Kc7 37.Rxc5+ Qxc5 38.Qxg6 Rb2 39.Rf7+ Kb8 40.Rf1 Qc2 41.Qd6+
Ka7 42.Rf7+ Rb7 43.Qa3+ 1-0

[Event "POL-chT3"]
[Site "Jastrzebia Gora POL"]
[Date "2015.??.??"]
[Round "1.84"]
[White "Parol, Pola"]
[Black "Mackiewicz, Anna"]
[Result "0-1"]
[WhiteElo "1760"]
[BlackElo "1955"]
[EventDate "2015.??.??"]
[WhiteTitle "I++"]
[BlackTitle "k+"]

1.e4 c5 2.Nf3 e6 3.d4 cxd4 4.Nxd4 a6 5.Nc3 Qc7 6.a4 Bb4 7.Bd2 Nf6 8.Bd3 
Nc6 9.Nxc6 bxc6 10.O-O c5 11.Qe2 Bb7 12.e5 Nd5 13.Nxd5 Bxd5 14.Bxb4 cxb4 
15.Bxa6 Bxg2 16.Kxg2 Qc6+ 17.Qf3 Rxa6 18.Rfd1 Ke7 19.Qxc6 Rxc6 20.Rd4 Rb8 
21.Rad1 Rb7 22.R1d2 Rc5 23.f4 g5 24.Kf3 h5 25.Rg2 g4+ 26.Kg3 f6 27.Re2 Kf7
28.Ree4 Rxc2 29.Rxb4 Rxb2 30.Rxb7 Rxb7 31.exf6 Kxf6 32.Kh4 Rb2 33.Kg3 Rb3+
34.Kg2 h4 35.a5 Rb2+ 36.Kg1 Ra2 37.Re5 h3 38.Rg5 Rg2+ 39.Kh1 Rf2 40.Rxg4 
d5 41.Rg3 Rxf4 42.Rxh3 Ra4 43.Kg2 Rxa5 44.Rh6+ Kf5 45.Kf3 Ra3+ 46.Ke2 e5 
47.Rh5+ Kf4 48.Rh4+ Kg5 49.Rh8 d4 50.Rg8+ Kf4 51.Rh8 Ke4 52.Rh4+ Kd5 53.
Rh8 Ra2+ 54.Ke1 e4 55.h4 d3 56.Rd8+ Ke5 57.h5 Rh2 58.Ra8 Kf4 59.Ra5 Ke3 
60.Kf1 Rf2+ 61.Kg1 d2 62.Ra3+ Ke2 63.Ra2 Rf5 64.h6 Rg5+ 65.Kh2 Rh5+ 66.Kg2
Rxh6 0-1

[Event "POL-chT3"]
[Site "Jastrzebia Gora POL"]
[Date "2015.??.??"]
[Round "1.85"]
[White "Rozycki, Bartlomiej"]
[Black "Szczepkowska-Horowska, Karina"]
[Result "1/2-1/2"]
[WhiteElo "2167"]
[BlackElo "2395"]
[EventDate "2015.??.??"]
[WhiteTitle "k++"]
[BlackTitle "WGM"]

1.d4 Nf6 2.c4 e6 3.Nf3 Bb4+ 4.Nbd2 O-O 5.a3 Be7 6.e3 d5 7.Bd3 b6 8.O-O Bb7
9.b3 Nbd7 10.Bb2 c5 11.Rc1 Rc8 12.Qe2 Ne4 13.Rfd1 cxd4 14.exd4 Nxd2 15.
Nxd2 Nf6 16.Nf3 Nh5 17.Qe3 g6 18.c5 Bf6 19.g4 Ng7 20.g5 Be7 21.b4 f6 22.b5
Rc7 23.c6 Bc8 24.gxf6 Bxf6 25.Rc3 Rcf7 26.Bc1 Nh5 27.Be2 Ng7 28.Bd3 Bh4 
29.Be2 Nf5 30.Qd3 Nd6 31.Nxh4 Qxh4 32.f3 Rf5 33.Rc2 Rh5 34.Bf1 Nf7 35.Rg2 
Qf6 36.Be2 Nd6 37.Be3 Nf5 38.Bf2 Nh4 39.Bxh4 Rxh4 40.Qe3 Rf4 41.Rg4 Rf5 
42.Rg3 Rf4 43.Rg4 Rf5 44.Rg3 e5 45.dxe5 Rxe5 46.Qd2 Qe7 47.Bd3 Qxa3 48.Qh6
Qe7 49.Bxg6 Re1+ 50.Rxe1 Qxe1+ 51.Kg2 Qe2+ 52.Kg1 1/2-1/2

[Event "POL-chT3"]
[Site "Jastrzebia Gora POL"]
[Date "2015.??.??"]
[Round "1.86"]
[White "Tomaszewski, Kacper"]
[Black "Chylewski, Patryk"]
[Result "0-1"]
[WhiteElo "2278"]
[BlackElo "2027"]
[EventDate "2015.??.??"]
[WhiteTitle "k"]
[BlackTitle "k"]

1.d4 Nf6 2.c4 e6 3.Nc3 Bb4 4.Nf3 b6 5.Bg5 h6 6.Bh4 Bb7 7.e3 g5 8.Bg3 Ne4 
9.Qc2 Bxc3+ 10.bxc3 d6 11.Bd3 f5 12.d5 exd5 13.cxd5 Bxd5 14.Nd4 Qf6 15.
Nxf5 Qxf5 16.f3 Qe6 17.fxe4 Bc4 18.Qa4+ b5 19.Bxc4 Qxc4 20.Qxc4 bxc4 21.e5
dxe5 22.Bxe5 O-O 23.O-O-O Re8 24.Bxc7 Na6 25.Ba5 Re5 26.Bb4 Nxb4 27.cxb4 
a5 28.bxa5 Rexa5 29.Kc2 Rxa2+ 30.Kc3 Rxg2 31.h4 g4 32.h5 Ra3+ 33.Kxc4 Rxe3
34.Rd8+ Kg7 35.Rf1 Re7 36.Rd6 Rh2 37.Rf5 Rh4 38.Kd3 Rh3+ 39.Kc4 Rh4 40.Kc5
Kh7 41.Rd3 Rg7 42.Rg3 Rg5 43.Rxg5 hxg5 44.Kd4 Kh6 45.Rg1 Kxh5 46.Ke3 Rh2 
47.Ra1 Kh4 48.Ra4 Kg3 49.Ra5 Rh8 50.Re5 Kg2 51.Rxg5 g3 52.Ke2 Re8+ 53.Kd2 
Kf2 54.Rf5+ Kg1 55.Rf7 g2 56.Rh7 Re5 57.Kd3 Kf2 58.Rf7+ Kg3 0-1

[Event "POL-chT3"]
[Site "Jastrzebia Gora POL"]
[Date "2015.??.??"]
[Round "1.87"]
[White "Praczukowski, Stanislaw"]
[Black "Matuszczyk, Przemyslaw"]
[Result "0-1"]
[WhiteElo "2028"]
[BlackElo "2086"]
[EventDate "2015.??.??"]
[WhiteTitle "I++"]
[BlackTitle "I++"]

1.d4 Nf6 2.c4 d6 3.Nf3 g6 4.Nc3 Bg7 5.g3 O-O 6.Bg2 Nbd7 7.O-O e5 8.e4 c6 
9.h3 Qa5 10.Re1 exd4 11.Nxd4 Ne5 12.Nb3 Qc7 13.c5 dxc5 14.Nxc5 b6 15.Nb3 
Rd8 16.Qc2 Nd3 17.Rd1 Ba6 18.a3 Ne5 19.Bf4 Nh5 20.Bg5 Rxd1+ 21.Rxd1 Nc4 
22.Nd2 Nxb2 23.Qxb2 Qe5 24.g4 Qxg5 25.gxh5 Rd8 26.Nf3 Rxd1+ 27.Nxd1 Bxb2 
28.Nxg5 Bxa3 29.hxg6 hxg6 30.Bf1 b5 31.Nf3 f6 32.Nd4 Bb7 33.Nb3 Bb4 34.Nb2
a5 35.Nd3 Bc3 36.Nbc5 Bc8 37.Nc1 a4 38.Be2 Bd4 39.N1d3 Bxc5 40.Nxc5 a3 41.
Bd1 Be6 42.Nb3 Kf8 43.Kf1 c5 44.Ke2 c4 45.Nc1 b4 46.Kd2 b3 47.Kc3 b2 48.
Kc2 c3 0-1

[Event "POL-chT3"]
[Site "Jastrzebia Gora POL"]
[Date "2015.??.??"]
[Round "1.88"]
[White "Smolka, Marcin"]
[Black "Kokoszczynski, Jan"]
[Result "0-1"]
[WhiteElo "2070"]
[BlackElo "1873"]
[EventDate "2015.??.??"]
[WhiteTitle "k"]
[BlackTitle "I++"]

1.e4 e6 2.Nf3 d5 3.e5 c5 4.b4 cxb4 5.a3 Nc6 6.axb4 Bxb4 7.c3 Ba5 8.d4 Nge7
9.Bd3 h6 10.h4 Nf5 11.Kf1 h5 12.Bg5 Qc7 13.Qb3 Nfe7 14.Qa3 a6 15.g3 Rb8 
16.Kg2 b5 17.Rc1 Bb6 18.Nbd2 Na5 19.Rcb1 Nec6 20.Nb3 Nxb3 21.Rxb3 Bb7 22.
Qc1 Na5 23.Rbb1 Nc4 24.g4 hxg4 25.Nh2 Kd7 26.Nxg4 Rbf8 27.f3 Kc8 28.Qe1 
Qc6 29.Rb3 Bd8 30.Kg3 f6 31.exf6 gxf6 32.Bh6 Rfg8 0-1

[Event "POL-chT3"]
[Site "Jastrzebia Gora POL"]
[Date "2015.??.??"]
[Round "1.89"]
[White "Wisniewski, Jacek"]
[Black "Wolynski, Krzysztof"]
[Result "0-1"]
[WhiteElo "1736"]
[BlackElo "2061"]
[EventDate "2015.??.??"]
[WhiteTitle "I"]
[BlackTitle "I+"]

1.e4 e6 2.d3 d5 3.Nd2 Nf6 4.Ngf3 c5 5.g3 Nc6 6.Bg2 Be7 7.O-O b6 8.Re1 Bb7 
9.Qe2 Nb4 10.exd5 Qxd5 11.Nc4 Nc6 12.Ne3 Qd7 13.Bd2 O-O 14.Bc3 Rfd8 15.Ne5
Nxe5 16.Bxe5 Bxg2 17.Kxg2 Nd5 18.Nxd5 Qxd5+ 19.Qf3 f6 20.Bc3 Qxf3+ 21.Kxf3
Kf7 22.Re2 b5 23.b3 Rac8 24.Bb2 c4 25.dxc4 bxc4 26.Rae1 e5 27.Re4 Rd2 28.
R1e2 Rxe2 29.Rxe2 Ke6 30.bxc4 Rxc4 31.Ke3 Ra4 32.Kd3 Rxa2 33.c4 Bc5 34.Bc3
Ra3 35.Kc2 Kf5 36.f3 a5 37.Kb2 a4 38.Rc2 h5 39.Rc1 Rb3+ 40.Ka2 g5 41.h3 
Ke6 42.g4 h4 43.Rc2 Kd7 44.Rd2+ Kc6 45.Rc2 Bd4 46.Bxd4 exd4 47.Rf2 Kc5 48.
f4 Kxc4 49.fxg5 fxg5 50.Rf8 Rb5 51.Ka3 d3 52.Kxa4 d2 53.Rc8+ Rc5 0-1

[Event "POL-chT3"]
[Site "Jastrzebia Gora POL"]
[Date "2015.??.??"]
[Round "1.90"]
[White "Dziodzio, Angelika"]
[Black "Olechnicka, Karolina"]
[Result "1-0"]
[WhiteElo "2095"]
[BlackElo "1747"]
[EventDate "2015.??.??"]
[WhiteTitle "k"]
[BlackTitle "k++"]

1.e4 c5 2.Nf3 d6 3.d4 cxd4 4.Nxd4 Nf6 5.f3 e5 6.Nb3 a5 7.Be3 Be6 8.c4 Be7 
9.Nc3 O-O 10.a4 Nfd7 11.Be2 Bh4+ 12.g3 Bg5 13.Bxg5 Qxg5 14.Qxd6 Nc6 15.Qd2
Qxd2+ 16.Kxd2 f5 17.Nd5 Rad8 18.Ke3 Nf6 19.h3 Rc8 20.Rac1 b6 21.g4 f4+ 22.
Kf2 Nd7 23.Rc3 Kf7 24.Rd1 Rb8 25.c5 bxc5 26.Nxc5 Rxb2 27.Nxe6 Rc8 28.Ng5+ 
Kg6 29.Rxc6+ 1-0

[Event "POL-chT3"]
[Site "Jastrzebia Gora POL"]
[Date "2015.??.??"]
[Round "1.91"]
[White "Krzywda, Andrzej"]
[Black "Pulik, Krzysztof"]
[Result "1-0"]
[WhiteElo "2113"]
[BlackElo "2137"]
[EventDate "2015.??.??"]
[WhiteTitle "k"]
[BlackTitle "k"]

1.e4 e6 2.d4 d5 3.Nc3 Bb4 4.e5 c5 5.a3 Bxc3+ 6.bxc3 Ne7 7.Bd3 Nbc6 8.Nf3 
Qa5 9.Qd2 c4 10.Be2 Qa4 11.Rb1 O-O 12.O-O f6 13.exf6 Rxf6 14.Re1 b6 15.Bd1
Bd7 16.Qg5 Raf8 17.Qg3 h6 18.Qd6 Bc8 19.Qc7 R6f7 20.h3 Nf5 21.Qh2 Qa5 22.
Bd2 Qxa3 23.Ne5 Nxe5 24.Qxe5 Kh7 25.Bh5 g6 26.Bg4 Qe7 27.Re2 Qf6 28.Qf4 g5
29.Qh2 Qg6 30.Rbe1 h5 31.Bxf5 Qxf5 32.Qg3 Rg7 33.Re5 Qxc2 34.Rxg5 Rxg5 35.
Bxg5 Qg6 36.h4 b5 37.Qd6 Qf7 38.Re2 a6 39.Kh2 Qd7 40.Qxf8 1-0

[Event "POL-chT3"]
[Site "Jastrzebia Gora POL"]
[Date "2015.??.??"]
[Round "1.92"]
[White "Skomial, Mateusz"]
[Black "Zgadzaj, Rafal"]
[Result "0-1"]
[WhiteElo "2025"]
[BlackElo "2115"]
[EventDate "2015.??.??"]
[WhiteTitle "I++"]
[BlackTitle "k"]

1.e4 d6 2.d4 g6 3.Nf3 Nf6 4.Bd3 Bg7 5.h3 O-O 6.O-O c6 7.c3 Qc7 8.Re1 e5 9.
Na3 a6 10.Nc2 Re8 11.b3 b5 12.a4 Bb7 13.Nh2 Nbd7 14.Ng4 d5 15.Nxf6+ Nxf6 
16.exd5 Nxd5 17.Bd2 exd4 18.cxd4 Nf4 19.Bf1 Ne6 20.Qg4 h5 21.Qh4 Qd8 22.
Qxd8 Rexd8 23.Ba5 Rd5 24.Bb6 Nxd4 25.Nxd4 Bxd4 26.Bxd4 Rxd4 27.Re7 Rb8 28.
Rc7 Ba8 29.a5 Rb4 30.Rb1 Kf8 31.Be2 Re4 32.Bf3 Re7 33.Rxe7 Kxe7 34.b4 c5 
35.Re1+ Kd6 36.Rd1+ Ke5 37.Bxa8 Rxa8 38.bxc5 Rc8 39.Rd6 Rxc5 40.Rxa6 Kd4 
41.Rb6 Kc3 42.a6 b4 43.a7 Ra5 44.Rb7 b3 45.Rc7+ Kd2 46.Rxf7 b2 47.Rb7 Kc2 
48.Rc7+ Kb3 49.Kh2 b1=Q 0-1

[Event "POL-chT3"]
[Site "Jastrzebia Gora POL"]
[Date "2015.??.??"]
[Round "1.93"]
[White "Malecki, Rafal"]
[Black "Kopczyk, Daniel"]
[Result "1-0"]
[WhiteElo "2090"]
[BlackElo "2133"]
[EventDate "2015.??.??"]
[WhiteTitle "k+"]
[BlackTitle "k"]

1.Nf3 Nf6 2.g3 g6 3.Bg2 Bg7 4.d3 d5 5.O-O O-O 6.Nbd2 Nc6 7.e4 dxe4 8.dxe4 
Be6 9.c3 h6 10.Qc2 Qd7 11.Nb3 Bxb3 12.axb3 Rfd8 13.b4 a6 14.Re1 e5 15.Qb3 
Qe7 16.Nh4 Kh7 17.Bf1 Ne8 18.Be3 Nd6 19.Bc5 Rab8 20.Bc4 Bf6 21.Ng2 Kg7 22.
Ne3 Qe8 23.Nd5 Nxc4 24.Qxc4 Qe6 25.Qe2 Rd7 26.h4 Ne7 27.c4 c6 28.Nb6 Rdd8 
29.Rad1 Ng8 30.b3 h5 31.Kg2 Be7 32.Rxd8 Bxd8 33.Rd1 Bc7 34.Rd3 Nf6 35.f3 
Rd8 36.Rxd8 Bxd8 37.Qd2 Bxb6 38.Bxb6 Qd7 39.Qc3 Qd6 40.Bc5 Qe6 41.Qd3 Nd7 
42.Be3 f6 43.Bd2 Kf7 44.Kf2 Nf8 45.Bh6 Qd7 46.Qxd7+ Nxd7 47.Bd2 Ke6 48.g4 
b5 49.Ke3 Kf7 50.Bc3 Nf8 51.f4 hxg4 52.f5 gxf5 53.exf5 Kg7 54.Kf2 Kh6 55.
c5 Kh5 56.Kg3 Nd7 57.Bb2 a5 58.bxa5 Nxc5 59.Ba3 Na6 60.Be7 c5 61.Bxf6 e4 
62.Kf4 e3 63.Kxe3 g3 64.Kf3 g2 65.Kxg2 Kg4 66.Bc3 Kxf5 67.Kf3 Nc7 68.Bd2 
Na6 69.h5 c4 70.bxc4 bxc4 71.h6 Kg6 72.Ke4 Nc5+ 73.Kd5 Nb3 74.a6 Nxd2 75.
a7 Kxh6 76.a8=Q 1-0

[Event "POL-chT3"]
[Site "Jastrzebia Gora POL"]
[Date "2015.??.??"]
[Round "1.94"]
[White "Wozniak, Maciej"]
[Black "Szajda, Marcin"]
[Result "1-0"]
[WhiteElo "2087"]
[BlackElo "2061"]
[EventDate "2015.??.??"]
[WhiteTitle "k"]
[BlackTitle "I++"]

1.e4 e5 2.Nf3 Nc6 3.Bb5 a6 4.Ba4 Nf6 5.O-O b5 6.Bb3 Bc5 7.c3 d6 8.d4 Bb6 
9.h3 h6 10.Be3 O-O 11.Nbd2 Re8 12.Bc2 Bb7 13.d5 Ne7 14.Bxb6 cxb6 15.Ne1 
Ng6 16.Nd3 Nd7 17.Qf3 Qg5 18.Rfd1 Nc5 19.b4 Nxd3 20.Bxd3 Nf4 21.c4 Bc8 22.
Kh1 Bd7 23.Bf1 Rec8 24.Kh2 Rc7 25.g3 Ng6 26.h4 Qd8 27.Qe3 Rac8 28.Qxb6 
bxc4 29.Nxc4 Nxh4 30.Nxd6 Rb8 31.Qa5 Bg4 32.Nf5 Nxf5 33.exf5 Bxd1 34.Rxd1 
Qd6 35.a3 Rc2 36.Qxa6 Qd7 37.Kg1 Qxf5 38.Qa7 Qc8 39.d6 Ra8 40.Qe3 Qe6 41.
d7 Rd8 42.Bb5 e4 43.a4 Qf5 44.Rd4 g5 45.Rxe4 Rxd7 46.Bxd7 Qxd7 47.Re8+ Kg7
48.Qe5+ Kg6 49.Qe4+ Kh5 50.Qxc2 Qxe8 51.b5 Kg4 52.Kg2 f5 53.Qd1+ 1-0

[Event "POL-chT3"]
[Site "Jastrzebia Gora POL"]
[Date "2015.??.??"]
[Round "1.95"]
[White "Sztwiertnia, Jan Krzysztof"]
[Black "Bielawski, Michal"]
[Result "1-0"]
[WhiteElo "2109"]
[BlackElo "2036"]
[EventDate "2015.??.??"]
[WhiteTitle "k"]
[BlackTitle "I+"]

1.e4 d6 2.d4 Nf6 3.Nc3 g6 4.Nf3 Bg7 5.Be2 O-O 6.O-O Nc6 7.d5 Ne5 8.Nxe5 
dxe5 9.Be3 a6 10.a4 Qd6 11.Qd3 Rd8 12.Rfd1 Bf8 13.Qc4 Ne8 14.a5 Qf6 15.Na4
Bd7 16.Qb3 Bxa4 17.Rxa4 Nd6 18.f3 Rab8 19.c4 e6 20.c5 Ne8 21.dxe6 Rxd1+ 
22.Bxd1 Qxe6 23.Qxe6 fxe6 24.Rb4 Nf6 25.Ba4 Kf7 26.Bc6 h5 27.Rxb7 Rxb7 28.
Bxb7 Nd7 29.b4 Nb8 30.b5 axb5 31.a6 Nxa6 32.Bxa6 c6 33.Bb7 1-0

[Event "POL-chT3"]
[Site "Jastrzebia Gora POL"]
[Date "2015.??.??"]
[Round "1.96"]
[White "Jurkiewicz, Zuzanna"]
[Black "Chmiel, Dominika"]
[Result "0-1"]
[WhiteElo "1507"]
[BlackElo "2146"]
[EventDate "2015.??.??"]
[WhiteTitle "I"]
[BlackTitle "m"]

1.d4 Nf6 2.c4 g6 3.Nc3 Bg7 4.e4 d6 5.Be2 O-O 6.Nf3 c5 7.d5 Na6 8.a3 Nc7 9.
O-O a6 10.Nd2 Rb8 11.Rb1 b5 12.b3 Nd7 13.Bb2 bxc4 14.Nxc4 Nb5 15.Nxb5 axb5
16.Bxg7 Kxg7 17.Ne3 Qa5 18.Qc1 Ra8 19.Ra1 Nf6 20.Qc2 Bd7 21.Kh1 Ra7 22.f4 
Rfa8 23.e5 Ne8 24.Qb2 Kg8 25.Bg4 Ng7 26.Bxd7 Rxd7 27.f5 dxe5 28.fxg6 hxg6 
29.Qxe5 Qc7 30.Qg5 Rad8 31.Rf3 Qd6 32.Rh3 Qf6 33.Qh6 Qxa1+ 0-1

[Event "POL-chT3"]
[Site "Jastrzebia Gora POL"]
[Date "2015.??.??"]
[Round "1.98"]
[White "Lapaj, Mateusz"]
[Black "Badyra, Wasyl"]
[Result "1/2-1/2"]
[WhiteElo "2133"]
[BlackElo "2030"]
[EventDate "2015.??.??"]
[WhiteTitle "k+"]
[BlackTitle "I"]

1.d4 Nf6 2.c4 g6 3.Nc3 Bg7 4.e4 d6 5.f3 O-O 6.Be3 Nc6 7.Nge2 a6 8.Qd2 Rb8 
9.Nc1 e5 10.d5 Nd4 11.Nb3 Nxb3 12.axb3 c5 13.g4 Ne8 14.h4 Nc7 15.h5 Qe7 
16.Qh2 Bf6 17.Bxc5 dxc5 18.d6 Bh4+ 19.Qxh4 Qxh4+ 20.Rxh4 Ne6 21.O-O-O g5 
22.Rh3 Rd8 23.b4 b6 24.Nd5 Kf8 25.h6 Rxd6 26.Rh5 Bb7 27.bxc5 bxc5 28.Nf6 
Rxd1+ 29.Kxd1 Rd8+ 30.Kc1 Ke7 31.Nd5+ Kd6 32.Nf6 Ke7 33.Nd5+ Kd6 34.Nf6 
Ke7 35.Nd5+ Kd6 36.Nf6 Ke7 37.Nd5+ Kd6 1/2-1/2

[Event "POL-chT3"]
[Site "Jastrzebia Gora POL"]
[Date "2015.??.??"]
[Round "1.99"]
[White "Budnik, Mateusz"]
[Black "Pinkas, Karol"]
[Result "1-0"]
[WhiteElo "1981"]
[BlackElo "2227"]
[EventDate "2015.??.??"]
[WhiteTitle "I++"]
[BlackTitle "IM"]

1.e4 e5 2.Nf3 Nc6 3.Bb5 a6 4.Bxc6 dxc6 5.d4 exd4 6.Qxd4 Qxd4 7.Nxd4 Bd7 8.
Be3 O-O-O 9.Nc3 Bb4 10.O-O-O Nf6 11.f3 Bxc3 12.bxc3 c5 13.Ne2 b6 14.Nf4 
Rhe8 15.Rhe1 Bb5 16.Kb2 Nd7 17.Nd3 f6 18.Bf4 g5 19.Bg3 Re6 20.h4 Rg8 21.
hxg5 Bxd3 22.Rxd3 Rxg5 23.f4 Rg7 24.Rde3 b5 25.f5 Re8 26.e5 fxe5 27.Bxe5 
Rxg2 28.Bf4 Rxe3 29.Bxe3 Rg7 30.Rf1 Rf7 31.Bg5 Nb6 32.f6 Na4+ 33.Kb3 c4+ 
34.Kb4 c5+ 35.Ka5 Nxc3 36.Kxa6 Ne4 37.Bh4 Nd6 38.Kb6 c3 39.Kxc5 Rd7 40.Kc6
Nf7 41.Kxb5 Rd2 42.Rf2 Kd7 43.a4 Nd6+ 44.Kb6 Ke6 45.a5 Kf7 46.a6 Rd4 47.
Bg5 Nc8+ 48.Kb7 Nd6+ 49.Kc6 Nc8 50.Rf5 Na7+ 51.Kb6 Nc8+ 52.Kc7 1-0

[Event "POL-chT3"]
[Site "Jastrzebia Gora POL"]
[Date "2015.??.??"]
[Round "1.100"]
[White "Garbowski, Jakub"]
[Black "Zolnierowicz, Krzysztof"]
[Result "1/2-1/2"]
[WhiteElo "2049"]
[BlackElo "2043"]
[EventDate "2015.??.??"]
[WhiteTitle "I+"]
[BlackTitle "IM"]

1.e4 e5 2.Nf3 Nc6 3.Bb5 g6 4.d4 exd4 5.Nxd4 Bg7 6.Be3 Nf6 7.Nc3 O-O 8.O-O 
a6 9.Bxc6 bxc6 10.f3 Rb8 11.Nb3 d5 12.exd5 cxd5 13.Qd2 Re8 14.Rad1 c6 15.
Na4 Nd7 16.Bd4 Bf8 17.Rfe1 Re6 18.Bc3 Qh4 19.Qd4 Rxe1+ 20.Rxe1 Qxd4+ 21.
Bxd4 Rb4 22.Re8 Rxa4 23.Rxc8 c5 24.Be3 Kg7 25.Rd8 d4 26.Bxd4+ cxd4 27.Rxd7
Rxa2 28.Rxd4 Rxb2 29.Rc4 Bd6 30.g3 h5 31.f4 h4 32.Kg2 f5 33.Rc6 Bb4 34.Kf3
a5 35.Rc4 Be1 36.Nc5 Rb4 37.Rxb4 Bxb4 38.Na4 hxg3 39.hxg3 Kf7 40.c4 Bd6 
41.Ke3 g5 42.Kf3 gxf4 43.gxf4 Kg6 44.Kg3 Kh5 45.Nb2 1/2-1/2

[Event "POL-chT3"]
[Site "Jastrzebia Gora POL"]
[Date "2015.??.??"]
[Round "1.101"]
[White "Stolarczyk, Adam"]
[Black "Siedlinski, Piotr"]
[Result "1/2-1/2"]
[WhiteElo "2160"]
[BlackElo "2072"]
[EventDate "2015.??.??"]
[WhiteTitle "k"]
[BlackTitle "k"]

1.e4 d5 2.exd5 Qxd5 3.Nc3 Qa5 4.Bc4 Nf6 5.d3 c6 6.a3 Bf5 7.b4 Qc7 8.Qf3 e6
9.Nge2 Nbd7 10.Bb3 Bd6 11.h3 h5 12.Bb2 Ne5 13.Qe3 Ng6 14.Nd4 Nf4 15.O-O 
Bg6 16.Ncb5 cxb5 17.Nxb5 Qc6 18.Nxd6+ Qxd6 19.Be5 Nxh3+ 20.gxh3 Qc6 21.f4 
Bf5 22.Qf3 Qxf3 23.Rxf3 Rh6 24.Rg3 Kf8 25.Kh2 h4 26.Rg2 Rd8 27.Rag1 Nh5 
28.Rxg7 Bg6 29.R1xg6 Rxg6 30.Rh7 Ng3 31.Rxh4 Nf1+ 32.Kh1 Ke7 33.Rg4 Rdg8 
34.Rxg6 Rxg6 35.Bd4 Ng3+ 36.Kh2 Nf1+ 37.Kh1 Ng3+ 38.Kh2 Nf1+ 39.Kh1 Ng3+ 
40.Kh2 Nf1+ 41.Kh1 1/2-1/2

[Event "POL-chT3"]
[Site "Jastrzebia Gora POL"]
[Date "2015.??.??"]
[Round "1.102"]
[White "Guzik, Jolanta"]
[Black "Pyzewska, Ewelina"]
[Result "1-0"]
[WhiteElo "1980"]
[BlackElo "1316"]
[EventDate "2015.??.??"]
[WhiteTitle "WFM"]
[BlackTitle "II"]

1.c4 Nf6 2.Nc3 Nc6 3.g3 b6 4.Bg2 Bb7 5.d4 g6 6.e4 d6 7.Nge2 Bg7 8.h3 Na5 
9.b3 c5 10.d5 Bc8 11.Be3 a6 12.Qd2 Bd7 13.f4 b5 14.cxb5 axb5 15.Rc1 Qc7 
16.O-O h5 17.e5 Ng8 18.e6 fxe6 19.dxe6 Bc6 20.Bxc6+ Qxc6 21.Qd3 Bf8 22.
Qxg6+ Kd8 23.Rfd1 Nf6 24.Qf5 b4 25.Nd5 Bg7 26.Nxf6 Bxf6 27.Rxc5 Qa6 28.Rc2
Qb7 29.Rxd6+ 1-0

[Event "POL-chT3"]
[Site "Jastrzebia Gora POL"]
[Date "2015.??.??"]
[Round "1.103"]
[White "Kumala, Aleksander"]
[Black "Maj, Pawel"]
[Result "1-0"]
[WhiteElo "2102"]
[BlackElo "2078"]
[EventDate "2015.??.??"]
[WhiteTitle "I++"]
[BlackTitle "k"]

1.e4 c5 2.b3 Nc6 3.Bb2 e5 4.f4 exf4 5.Nf3 Nf6 6.Nc3 Be7 7.d4 cxd4 8.Nxd4 
O-O 9.Qd2 Ng4 10.Nf5 Bh4+ 11.g3 fxg3 12.hxg3 Bg5 13.Qe2 Nf6 14.Nxg7 d6 15.
Nh5 Ng4 16.Nd5 Nce5 17.Bh3 f5 18.O-O Be6 19.exf5 Bxd5 20.Bxg4 Qb6+ 21.Kh2 
Rae8 22.Qd1 Be4 23.f6 Qc5 24.c4 Nd3 25.Bc3 Nf2 26.Bd4 Nxd1 27.Bxc5 dxc5 
28.Raxd1 Bg6 29.Rd5 h6 30.Rxc5 Re4 31.f7+ Bxf7 32.Rxg5+ 1-0

[Event "POL-chT3"]
[Site "Jastrzebia Gora POL"]
[Date "2015.??.??"]
[Round "1.104"]
[White "Pajak, Jakub"]
[Black "Reza, Wojciech"]
[Result "1-0"]
[WhiteElo "1812"]
[BlackElo "2272"]
[EventDate "2015.??.??"]
[WhiteTitle "I+"]
[BlackTitle "k+"]

1.e4 e5 2.Nf3 Nc6 3.Bc4 Bc5 4.c3 Nf6 5.d3 d6 6.O-O a6 7.Be3 Qe7 8.Nbd2 O-O
9.Qc2 Ba7 10.Bxa7 Rxa7 11.d4 Bg4 12.dxe5 dxe5 13.h3 Bh5 14.Be2 Raa8 15.
Rfe1 Nd7 16.Nf1 Bg6 17.Ng3 Nc5 18.b4 Ne6 19.Bc4 Nf4 20.Rad1 Qf6 21.Nh2 h5 
22.Ne2 Ne6 23.Nf3 a5 24.a3 axb4 25.axb4 h4 26.Bxe6 fxe6 27.Kh1 Bh5 28.Neg1
Ne7 29.Rd7 Rac8 30.Qd2 Ng6 31.Qg5 Qxg5 32.Nxg5 Rxf2 33.Nxe6 Rf7 34.Rd8+ 
Rxd8 35.Nxd8 Rf2 36.Nxb7 Nf4 37.Nc5 Rxg2 38.Nd7 Rg3 39.Nxe5 Nxh3 40.c4 Ng5
41.b5 Rc3 42.Kg2 Rc2+ 43.Kh1 g6 44.Re3 Kg7 45.Nh3 Ne6 46.Ra3 Kf6 47.Nd7+ 
Ke7 48.Ne5 Kd6 49.Nf7+ Kc5 50.Ra6 Nd4 51.Ne5 Bf3+ 52.Kg1 Bxe4 53.Nf4 g5 
54.Nh3 g4 55.Ng5 Bb7 56.Ra7 Kb6 57.Ra1 g3 58.Nd7# 1-0

[Event "POL-chT3"]
[Site "Jastrzebia Gora POL"]
[Date "2015.??.??"]
[Round "1.105"]
[White "Puczylowski, Marcin"]
[Black "Koziol, Pawel"]
[Result "1-0"]
[WhiteElo "2119"]
[BlackElo "1927"]
[EventDate "2015.??.??"]
[WhiteTitle "k"]
[BlackTitle "I++"]

1.d4 Nf6 2.c4 g6 3.Nc3 Bg7 4.e4 d6 5.Nf3 O-O 6.Be2 e5 7.d5 a5 8.O-O Na6 9.
Rb1 Nc5 10.Nd2 Ne8 11.b3 f5 12.f3 Bh6 13.a3 Be3+ 14.Kh1 Qh4 15.Qe1 Qh6 16.
b4 axb4 17.axb4 Nd7 18.Nb3 Ndf6 19.Bxe3 Qxe3 20.Qd2 Qxd2 21.Nxd2 Ra3 22.
Rb3 Rxb3 23.Nxb3 fxe4 24.fxe4 Ng4 25.Rxf8+ Kxf8 26.Bxg4 Bxg4 27.Kg1 b6 28.
Kf2 Ke7 29.Ke3 Bc8 30.c5 bxc5 31.bxc5 Ba6 32.c6 Nf6 33.Kf3 Bd3 34.Nd2 Ba6 
35.Nd1 Bc8 36.Nf2 Ba6 37.g4 h6 38.h4 Nh7 39.Ke3 Kf6 40.Nf3 Bc8 41.Nd2 Ba6 
42.Kf3 Bb5 43.Kg3 Be2 44.Nb1 Ba6 45.Nc3 Ke7 46.Ncd1 Be2 47.Ne3 Kf6 48.Nh3 
Ba6 49.g5+ hxg5 50.hxg5+ 1-0